| 000 -LEADER |
| fixed length control field |
03143nam a2200577 a 4500 |
| 003 - CONTROL NUMBER IDENTIFIER |
| control field |
AR-BaISA |
| 005 - DATE AND TIME OF LATEST TRANSACTION |
| control field |
20250924134603.0 |
| 007 - PHYSICAL DESCRIPTION FIXED FIELD--GENERAL INFORMATION |
| fixed length control field |
ta |
| 008 - FIXED-LENGTH DATA ELEMENTS--GENERAL INFORMATION |
| fixed length control field |
250924s2008 mx ad||f |||| 001 0 spa d |
| 020 ## - INTERNATIONAL STANDARD BOOK NUMBER |
| International Standard Book Number |
9707293055 |
| 020 ## - INTERNATIONAL STANDARD BOOK NUMBER |
| International Standard Book Number |
9789707293052 |
| 040 ## - CATALOGING SOURCE |
| Language of cataloging |
spa |
| Transcribing agency |
AR-BaISA |
| 082 04 - DEWEY DECIMAL CLASSIFICATION NUMBER |
| Edition number |
22 |
| Classification number |
616.4 G172 |
| 245 00 - TITLE STATEMENT |
| Title |
Endocriología básica y clínica de Greenspan / |
| Statement of responsibility, etc. |
Editado por: David G. Gardner, Dolores Shoback |
| 260 ## - PUBLICATION, DISTRIBUTION, ETC. |
| Place of publication, distribution, etc. |
México |
| Name of publisher, distributor, etc. |
Manual Moderno, |
| Date of publication, distribution, etc. |
2008 |
| 300 ## - PHYSICAL DESCRIPTION |
| Extent |
XIII, 1032 p.: |
| Other physical details |
il., graf., tablas, fotos. |
| 504 ## - BIBLIOGRAPHY, ETC. NOTE |
| Bibliography, etc. note |
Bibliografía al final de cada capítulo |
| 504 ## - BIBLIOGRAPHY, ETC. NOTE |
| Bibliography, etc. note |
Índice p.: 1011-1032 |
| 505 ## - FORMATTED CONTENTS NOTE |
| Statement of responsibility |
Paul Webb y John D. Baxter / |
| Title |
Introducción a la endocrinología -- |
| 505 ## - FORMATTED CONTENTS NOTE |
| Statement of responsibility |
David G. Gardner y Robert A. Nissenson / |
| Title |
Mecanismos de acción hormonal -- |
| 505 ## - FORMATTED CONTENTS NOTE |
| Statement of responsibility |
Juan Carlos Jaume / |
| Title |
Autoinmunidad endocrina -- |
| 505 ## - FORMATTED CONTENTS NOTE |
| Statement of responsibility |
David C. Aron / |
| Title |
Endocrinología basada en evidencias y epidemiología clínica -- |
| 505 ## - FORMATTED CONTENTS NOTE |
| Statement of responsibility |
David C. Aron, James W. Findling y J. Blake Tyrrell / |
| Title |
Hipotálamo e hipófisis -- |
| 505 ## - FORMATTED CONTENTS NOTE |
| Statement of responsibility |
Alan G. Robinson / |
| Title |
Hipófisis posterior (neurohipófisis) -- |
| 505 ## - FORMATTED CONTENTS NOTE |
| Statement of responsibility |
Dennis Styne / |
| Title |
Crecimiento -- |
| 505 ## - FORMATTED CONTENTS NOTE |
| Statement of responsibility |
David S. Cooper, Francis S. Greenspan y Paul Landerson / |
| Title |
La glándula tiroides -- |
| 505 ## - FORMATTED CONTENTS NOTE |
| Statement of responsibility |
Dolores Shoback, Deborah Sellemeyer y Daniel D. Bikle / |
| Title |
Enfermedad ósea metabólica -- |
| 505 ## - FORMATTED CONTENTS NOTE |
| Statement of responsibility |
David C. Aron, James W. Findling y J Blake Tyrrell / |
| Title |
Glucocorticoides y andrógenos suprarrenales -- |
| 505 ## - FORMATTED CONTENTS NOTE |
| Statement of responsibility |
Burl R. Don y Joan C. Lo / |
| Title |
Hipertensión endocrina -- |
| 505 ## - FORMATTED CONTENTS NOTE |
| Statement of responsibility |
Paul A. Fitzgerald / |
| Title |
Médula suprarrenal y paranganglios -- |
| 505 ## - FORMATTED CONTENTS NOTE |
| Statement of responsibility |
Glenn D. Braunstein / |
| Title |
Testículos -- |
| 505 ## - FORMATTED CONTENTS NOTE |
| Statement of responsibility |
Mitchell P. Rosen y Marcelle I. Cedars / |
| Title |
Endocrinología de la reproducción femenina e infertilidad -- |
| 505 ## - FORMATTED CONTENTS NOTE |
| Statement of responsibility |
Felix A. Conte y Melvin M. Grumbach / |
| Title |
Anomalías de la determinación y diferenciación sexual -- |
| 505 ## - FORMATTED CONTENTS NOTE |
| Statement of responsibility |
Dennis Styne / |
| Title |
Pubertad -- |
| 505 ## - FORMATTED CONTENTS NOTE |
| Statement of responsibility |
Robert N. Taylor y Dan I. Lebovic / |
| Title |
Endocrinología del embarazo -- |
| 505 ## - FORMATTED CONTENTS NOTE |
| Statement of responsibility |
Umesh Masharami, John H. Karam y Michael S. German / |
| Title |
Hormonas pancreáticas y diabetes mellitus -- |
| 505 ## - FORMATTED CONTENTS NOTE |
| Statement of responsibility |
Umesh Masharani y Stephen E. Gitelman / |
| Title |
Trastornos hipoglucémicos -- |
| 505 ## - FORMATTED CONTENTS NOTE |
| Statement of responsibility |
Mary J. Malloy y John P. Kane / |
| Title |
Trastornos del metabolismo de lipoproteínas -- |
| 505 ## - FORMATTED CONTENTS NOTE |
| Statement of responsibility |
Marc K. Hellerstein y Elizabeth J. Parks / |
| Title |
Obesidad y sobrepeso -- |
| 505 ## - FORMATTED CONTENTS NOTE |
| Statement of responsibility |
Dolores Shoback y Janet L. Funk / |
| Title |
Manifestaciones humorales de neoplasias -- |
| 505 ## - FORMATTED CONTENTS NOTE |
| Statement of responsibility |
David G. Gardner / |
| Title |
Neoplasia endocrina múltiple -- |
| 505 ## - FORMATTED CONTENTS NOTE |
| Statement of responsibility |
Susan L. Greenspan y Neil M. Resnick / |
| Title |
Endocrinología geriátrica -- |
| 505 ## - FORMATTED CONTENTS NOTE |
| Statement of responsibility |
David G. Gardner / |
| Title |
Urgencias endocrinas -- |
| 505 ## - FORMATTED CONTENTS NOTE |
| Statement of responsibility |
Grace Lee y Carl Grunfeld / |
| Title |
Endocrinopatías por SIDA -- |
| 505 ## - FORMATTED CONTENTS NOTE |
| Statement of responsibility |
Geeta Lal y Orlo H. Clark / |
| Title |
Cirugía endocrina |
| 650 14 - SUBJECT ADDED ENTRY--TOPICAL TERM |
| 9 (RLIN) |
3789 |
| Topical term or geographic name entry element |
Endocrinología |
| 650 14 - SUBJECT ADDED ENTRY--TOPICAL TERM |
| 9 (RLIN) |
3796 |
| Topical term or geographic name entry element |
Glándulas endocrinas |
| 700 ## - ADDED ENTRY--PERSONAL NAME |
| 9 (RLIN) |
3795 |
| Personal name |
Gardner, David G. |
| Relator term |
ed. |
| 700 ## - ADDED ENTRY--PERSONAL NAME |
| 9 (RLIN) |
3797 |
| Personal name |
Shoback, Dolores |
| Relator term |
ed. |
| 942 ## - ADDED ENTRY ELEMENTS (KOHA) |
| Source of classification or shelving scheme |
|
| Koha item type |
Libros |
| Edition |
22 |